TV show Name Quiz - Statistics

General Stats
  • This quiz has been taken 94 times
  • The average score is 8 of 11
Answer Stats
Complete It Answer % Correct
Breaking.... Bad
99%
Walking.... Dead
99%
Modern..... Family
96%
How I Met..... You're Mother
96%
Family...... Ties
87%
Two and a Half... Men
86%
The.Files X
82%
That...Show 70's
80%
American....... Dad
49%
The..... Simpsons
23%
The ......Show Cleveland
10%
No matching quizzes found
Score Distribution
Percent of People with Each Score
Percentile by Number Answered
Your Score History
You have not taken this quiz